| 000 | 00363nam a2200157Ia 4500 | ||
|---|---|---|---|
| 008 | 210210b1947 xxu||||| |||| 00| 0 eng d | ||
| 041 | _aeng | ||
| 082 | _a911/36 | ||
| 100 | _aMENON (K P S) | ||
| 245 | _aDelhi chungking | ||
| 260 |
_aLondon _bOxford University Press _c1947 |
||
| 650 | _aDelhi | ||
| 650 | _achungking | ||
| 690 | _aTravel | ||
| 906 | _a024707 | ||
| 999 |
_c150329 _d150329 |
||